000 01282nam a22003257i 4500
003 EG-GICUC
005 20260121101508.0
008 251216s1957 fr ||||frr||| 00| 0 fre d
040 _aEG-GiCUC
_bfre
_cEG-GiCUC
_dEG-GiCUC
_eRda
041 _afre
082 0 4 _221
_a341.3303
_bAC . D
092 0 4 _221
099 _aLaw1 REF 11 341.3303 AC . D1957
110 2 _aAcadémie diplomatique internationale.
245 1 0 _aDictionnaire diplomatique.
_nTome II /
_cpublié sous la direction de A.-F. Frangulis, [et al.]; Académie diplomatique internationale et la collaboration des membres, des associés et des adhérents de l’Académie.
264 1 _aParis :
_bThe Académie diplomatique internationale,
_c[ 1957 ].
300 _avarious paging ;
_c 24 cm.
336 _2rda contenu
_a texte
337 _2rda medias
_aOrdinateur
338 _2 transporteur rda
_a Ressource en ligne
490 0 _aAcadémie diplomatique internationale ;
504 _aInclude Bibliographic references
546 _aTexte en français
650 1 _aDiplomatie
_vDictionaries
_xDroit international public
_2qrmak
651 1 _2qrmak
700 1 _aFrangulis, A. F.
_eContributeur
856 4 0 _uhttps://fll.law.cu.edu.eg/fulltext/bks/B11-05644.pdf
905 _a75
942 _2ddc
_cREF
_e21
_n0
999 _c50740
_d50740